Loading...
Flowering shrubs
| Main Author: | |
|---|---|
| Other Authors: | |
| Format: | Printed Book |
| Language: | Undetermined English |
| Published: |
Newdelhi
I C A R
1967
|
| Subjects: |
| LEADER | 00547nam a2200181Ia 4500 | ||
|---|---|---|---|
| 008 | 140306s9999 xx 000 0 und d | ||
| 041 | |a eng | ||
| 082 | |a 635.976 |b PAL | ||
| 100 | |a Krishnamurthi, S | ||
| 245 | |a Flowering shrubs | ||
| 260 | |a Newdelhi |b I C A R |c 1967 | ||
| 300 | |a 155 | ||
| 650 | |a Flowering shrubs | ||
| 650 | |a Shrubs- Flowering | ||
| 700 | |a Pal, B P | ||
| 942 | |2 ddc |c BK | ||
| 999 | |c 53849 |d 53849 | ||
| 952 | |0 0 |1 0 |2 ddc |4 0 |6 635_976000000000000_PAL |7 0 |9 70181 |a KAUACV |b KAUACV |d 2004-05-19 |o 635.976 PAL |p KAU_ACV-13179 |r 2014-03-22 |w 2014-03-22 |y BK | ||